|
|
|
|
| LEADER |
04667nam a2200457 a 4500 |
| 001 |
GR-Antirio1177 |
| 008 |
150702s2005 nyu g b 001 0 eng d |
| 020 |
|
|
|a 9780521840125
|
| 040 |
|
|
|a GrPaTEI
|b gre
|c GR-PaULI
|
| 040 |
|
|
|a GrPaTEI
|b gre
|c GR-PaULI
|
| 082 |
|
0 |
|a 004.21
|2 22nd et
|
| 100 |
1 |
|
|a Pottie, Gregory J.
|
| 245 |
1 |
0 |
|a Principles of embedded networked systems design /
|c Gregory J. Pottie and William J. Kaiser.
|
| 260 |
|
|
|a New York :
|b Cambridge University Press,
|c 2005
|
| 300 |
|
|
|a xix, 526 σ. :
|b εικ.
|
| 504 |
|
|
|a Περιλαμβάνει βιβλιογραφίες και ευρετήριο.
|
| 650 |
|
0 |
|a Computer networks
|
| 650 |
|
0 |
|a Embedded computer systems
|x Design and construction
|
| 650 |
|
0 |
|a System design
|
| 700 |
1 |
|
|a Kaiser, William J.
|
| 710 |
0 |
|
|a Cambridge Univertity Press
|
| 942 |
|
|
|2 ddc
|
| 952 |
|
|
|0 0
|1 0
|2 ddc
|4 0
|6 004_210000000000000_POT
|7 0
|9 263200
|a LISK-2
|b LISK-2
|c BSC
|d 2021-01-17
|e 24
|f 0
|g 0.00
|l 0
|o 004.21 POT
|p 2430000008360
|r 2021-01-17 00:00:00
|t 1
|w 2021-01-17
|y BK15
|x 20150702 0 A.I. 1
|x GrPaTEI - Antirrio
|
| 952 |
|
|
|0 0
|1 0
|2 ddc
|4 0
|6 004_210000000000000_POT
|7 0
|9 263201
|a LISK-2
|b LISK-2
|c BSC
|d 2021-01-17
|e 24
|f 0
|g 0.00
|l 0
|o 004.21 POT
|p 2430000008361
|r 2021-01-17 00:00:00
|t 1
|w 2021-01-17
|y BK15
|x 20150702 0 A.I. 1
|x GrPaTEI - Antirrio
|
| 952 |
|
|
|0 0
|1 0
|2 ddc
|4 0
|6 004_210000000000000_POT
|7 0
|9 263202
|a LISK-2
|b LISK-2
|c BSC
|d 2021-01-17
|e 24
|f 0
|g 0.00
|l 0
|o 004.21 POT
|p 2430000008362
|r 2021-01-17 00:00:00
|t 1
|w 2021-01-17
|y BK15
|x 20150702 0 A.I. 1
|x GrPaTEI - Antirrio
|
| 952 |
|
|
|0 0
|1 0
|2 ddc
|4 0
|6 004_210000000000000_POT
|7 0
|9 263203
|a LISK-2
|b LISK-2
|c BSC
|d 2021-01-17
|e 24
|f 0
|g 0.00
|l 0
|o 004.21 POT
|p 2430000008363
|r 2021-01-17 00:00:00
|t 1
|w 2021-01-17
|y BK15
|x 20150702 0 A.I. 1
|x GrPaTEI - Antirrio
|
| 952 |
|
|
|0 0
|1 0
|2 ddc
|4 0
|6 004_210000000000000_POT
|7 0
|9 263204
|a LISK-2
|b LISK-2
|c BSC
|d 2021-01-17
|e 24
|f 0
|g 0.00
|l 0
|o 004.21 POT
|p 2430000008364
|r 2021-01-17 00:00:00
|t 1
|w 2021-01-17
|y BK15
|x 20150702 0 A.I. 1
|x GrPaTEI - Antirrio
|
| 952 |
|
|
|0 0
|1 0
|2 ddc
|4 0
|6 004_210000000000000_POT
|7 0
|9 263205
|a LISK-2
|b LISK-2
|c BSC
|d 2021-01-17
|e 24
|f 0
|g 0.00
|l 0
|o 004.21 POT
|p 2430000008365
|r 2021-01-17 00:00:00
|t 1
|w 2021-01-17
|y BK15
|x 20150702 0 A.I. 1
|x GrPaTEI - Antirrio
|
| 952 |
|
|
|0 0
|1 0
|2 ddc
|4 0
|6 004_210000000000000_POT
|7 0
|9 263206
|a LISK-2
|b LISK-2
|c BSC
|d 2021-01-17
|e 24
|f 0
|g 0.00
|l 0
|o 004.21 POT
|p 2430000008366
|r 2021-01-17 00:00:00
|t 1
|w 2021-01-17
|y BK15
|x 20150702 0 A.I. 1
|x GrPaTEI - Antirrio
|
| 952 |
|
|
|0 0
|1 0
|2 ddc
|4 0
|6 004_210000000000000_POT
|7 0
|9 263207
|a LISK-2
|b LISK-2
|c BSC
|d 2021-01-17
|e 24
|f 0
|g 0.00
|l 0
|o 004.21 POT
|p 2430000008367
|r 2021-01-17 00:00:00
|t 1
|w 2021-01-17
|y BK15
|x 20150702 0 A.I. 1
|x GrPaTEI - Antirrio
|
| 952 |
|
|
|0 0
|1 0
|2 ddc
|4 0
|6 004_210000000000000_POT
|7 0
|9 263208
|a LISK-2
|b LISK-2
|c BSC
|d 2021-01-17
|e 24
|f 0
|g 0.00
|l 0
|o 004.21 POT
|p 2430000008368
|r 2021-01-17 00:00:00
|t 1
|w 2021-01-17
|y BK15
|x 20150702 0 A.I. 1
|x GrPaTEI - Antirrio
|
| 952 |
|
|
|0 0
|1 0
|2 ddc
|4 0
|6 004_210000000000000_POT
|7 0
|9 263209
|a LISK-2
|b LISK-2
|c BSC
|d 2021-01-17
|e 24
|f 0
|g 0.00
|l 0
|o 004.21 POT
|p 2430000008369
|r 2021-01-17 00:00:00
|t 1
|w 2021-01-17
|y BK15
|x 20150702 0 A.I. 1
|x GrPaTEI - Antirrio
|
| 952 |
|
|
|0 0
|1 0
|2 ddc
|4 0
|6 004_210000000000000_POT
|7 0
|9 263210
|a LISK-2
|b LISK-2
|c BSC
|d 2021-01-17
|e 24
|f 0
|g 0.00
|l 0
|o 004.21 POT
|p 2430000008370
|r 2021-01-17 00:00:00
|t 1
|w 2021-01-17
|y BK15
|x 20150702 0 A.I. 1
|x GrPaTEI - Antirrio
|
| 952 |
|
|
|0 0
|1 0
|2 ddc
|4 0
|6 004_210000000000000_POT
|7 0
|9 263211
|a LISK-2
|b LISK-2
|c BSC
|d 2021-01-17
|e 24
|f 0
|g 0.00
|l 0
|o 004.21 POT
|p 2430000008371
|r 2021-01-17 00:00:00
|t 1
|w 2021-01-17
|y BK15
|x 20150702 0 A.I. 1
|x GrPaTEI - Antirrio
|
| 952 |
|
|
|0 0
|1 0
|2 ddc
|4 0
|6 004_210000000000000_POT
|7 0
|9 263212
|a LISK-2
|b LISK-2
|c BSC
|d 2021-01-17
|e 24
|f 0
|g 0.00
|l 0
|o 004.21 POT
|p 2430000008372
|r 2021-01-17 00:00:00
|t 1
|w 2021-01-17
|y BK15
|x 20150702 0 A.I. 1
|x GrPaTEI - Antirrio
|
| 952 |
|
|
|0 0
|1 0
|2 ddc
|4 0
|6 004_210000000000000_POT
|7 0
|9 263213
|a LISK-2
|b LISK-2
|c BSC
|d 2021-01-17
|e 24
|f 0
|g 0.00
|l 0
|o 004.21 POT
|p 2430000008373
|r 2021-01-17 00:00:00
|t 1
|w 2021-01-17
|y BK15
|x 20150702 0 A.I. 1
|x GrPaTEI - Antirrio
|
| 952 |
|
|
|0 0
|1 0
|2 ddc
|4 0
|6 004_210000000000000_POT
|7 0
|9 263214
|a LISK-2
|b LISK-2
|c BSC
|d 2021-01-17
|e 24
|f 0
|g 0.00
|l 0
|o 004.21 POT
|p 2430000008374
|r 2021-01-17 00:00:00
|t 1
|w 2021-01-17
|y BK15
|x 20150702 0 A.I. 1
|x GrPaTEI - Antirrio
|
| 952 |
|
|
|0 0
|1 0
|2 ddc
|4 0
|6 004_210000000000000_POT
|7 0
|9 263215
|a LISK-2
|b LISK-2
|c BSC
|d 2021-01-17
|e 24
|f 0
|g 0.00
|l 0
|o 004.21 POT
|p 2430000008375
|r 2021-01-17 00:00:00
|t 1
|w 2021-01-17
|y BK15
|x 20150702 0 A.I. 1
|x GrPaTEI - Antirrio
|
| 952 |
|
|
|0 0
|1 0
|2 ddc
|4 0
|6 004_210000000000000_POT
|7 0
|9 263216
|a LISK-2
|b LISK-2
|c BSC
|d 2021-01-17
|e 24
|f 0
|g 0.00
|l 0
|o 004.21 POT
|p 2430000008376
|r 2021-01-17 00:00:00
|t 1
|w 2021-01-17
|y BK15
|x 20150702 0 A.I. 1
|x GrPaTEI - Antirrio
|
| 971 |
|
|
|a .b25709768
|b 01-10-20
|c 12-09-16
|
| 999 |
|
|
|c 151495
|d 151495
|